000 00892nam a2200253Ia 4500
003 OSt
005 20220923211229.0
006 a|||||r|||| 00| 0
007 ta
008 Pun
020 _a9788171165186 (hbk)
_c225
024 _a284,642
037 _b936, 23/03/2015, H.K. Prakashan
_cTextual
040 _aARTS
_cARTS
_bPun
041 _2Pun
_aPun
082 _aY73(P153):351, 153P9;Q0
100 _aਬੇਦੀ, ਸੋਹਿੰਦਰ ਸਿੰਘ ਵਣਜਾਰਾ
245 0 _aਪੰਜਾਬੀ ਦੰਦ ਕਥਾਵਾਂ
260 _aਦਿੱਲੀ
_b ਨੈFਨਲ ਬੁਕ ਟਰੱਸਟ
_c2010
300 _a208ਪੰ
_ccm.
650 _aਸਮਾਜ Fਾਸਤਰ
942 _hY73(P153):351, 153P9;Q0
_cTEXL
_2CC
999 _c297325
_d297325